000
00205nam a2200085Ia 4500
008
120527s9999 xx 000 0 und d
100
_a
ETLA, et al
245
_a
Growth and integration in aNordic
942
_c
BK
999
_c
27297
_d
27297